Normal view
MARC view
Entry Meeting Name
001 - CONTROL NUMBER
- control field: 11606
003 - CONTROL NUMBER IDENTIFIER
- control field: OSt
005 - DATE AND TIME OF LATEST TRANSACTION
- control field: 20211105133416.0
008 - FIXED-LENGTH DATA ELEMENTS
- fixed length control field: 211105|| aca||aabn | a|a d
040 ## - CATALOGING SOURCE
- Original cataloging agency: OSt
- Transcribing agency: OSt
111 ## - HEADING--MEETING NAME
- Meeting name or jurisdiction name as entry element: Advanced Course of the Swiss Society of Astronomy and Astrophysics on Extragalactic High Energy Astrophysics
- Number of part/section/meeting: 9th
- Location of meeting: Saas Fee
- Date of meeting or treaty signing: 1979 Mar. 26-31
670 ## - SOURCE DATA FOUND
- Source citation: Work cat.: (OSt): Advanced Course of the Swiss Society of Astronomy and Astrophysics on Extragalactic High Energy Astrophysics 9th Saas Fee 1979 Mar. 26-31, Extragalactic high Energy Astrophysics, 1979